| 000 | 00497nam a2200181Ia 4500 | ||
|---|---|---|---|
| 003 | OSt | ||
| 005 | 20230601171923.0 | ||
| 008 | 210423s2009 xx 000 0 und d | ||
| 040 | _cAL | ||
| 041 | _aeng | ||
| 082 |
_a658.3 _223 _bTRIP |
||
| 100 |
_aTRIPATHI (P C). _9118359 |
||
| 245 | _aPersonnel management and industrail relations. | ||
| 260 |
_aNew Delhi _bSultan Chand & Sons _c2009 |
||
| 365 |
_b235 _cINR |
||
| 906 | _aindustrail ; management ; Personnel ; relations. | ||
| 942 |
_2ddc _cBK |
||
| 999 |
_c175593 _d175593 |
||